[Event "SV Erkenschwick 1 - SG Bochum 1"]
[Site "Oberliga NRW 2018/2019"]
[Date "2018.09.16"]
[Round "1.2"]
[White "Ris, Robert"]
[Black "Hendriks, Willy"]
[Result "1/2-1/2"]
[WhiteElo "2409"]
[BlackElo "2364"]
[PlyCount "59"]
[EventDate "2018.??.??"]
[WhiteTeam "SV Erkenschwick 1"]
[BlackTeam "SG Bochum 1"]

1. e4 d6 2. d4 Nf6 3. Nc3 g6 4. f4 Bg7 5. Bd3 O-O 6. e5 dxe5 7. fxe5 Ng4 8. h3
Nh6 9. Nf3 Nc6 10. Be3 f6 11. exf6 exf6 12. Qd2 Re8 13. O-O-O Nf5 14. Bxf5 Bxf5
15. d5 Na5 16. b3 Qe7 17. Rhe1 Qa3+ 18. Kb1 Nxb3 19. axb3 Qxb3+ 20. Ka1 Bxc2
21. Rc1 Be4 22. Bd4 Bxd5 23. Rxe8+ Rxe8 24. Nxd5 Qxd5 25. Rxc7 Bh6 26. Qc2 Re6
27. Rc8+ Kf7 28. Rc7+ Kg8 29. Rc8+ Kf7 30. Rc7+ 1/2-1/2

[Event "SV Erkenschwick 1 - SG Bochum 1"]
[Site "Oberliga NRW 2018/2019"]
[Date "2018.09.16"]
[Round "1.3"]
[White "Schlawin, Marlon"]
[Black "Erwich, Frank"]
[Result "0-1"]
[WhiteElo "2286"]
[BlackElo "2324"]
[Annotator "Daniel"]
[PlyCount "98"]
[EventDate "2018.??.??"]
[WhiteTeam "SG Bochum 1"]
[BlackTeam "SV Erkenschwick 1"]

1. c4 Nf6 2. g3 e6 3. Bg2 d5 4. Nf3 Be7 5. O-O O-O 6. b3 b6 7. Bb2 Bb7 8. cxd5
exd5 9. Na3 a5 10. Nb5 c6 11. Nbd4 Re8 12. Qc2 Bf8 13. Rfe1 c5 14. Nf5 d4 15.
e3 dxe3 $11 16. Rxe3 Rxe3 17. dxe3 Be4 18. Qd2 Qxd2 19. Nxd2 Bxg2 20. Kxg2 Nbd7
21. a4 g6 22. Nh4 Be7 23. Nhf3 Kf8 24. Rd1 Rb8 25. Nc4 b5 26. axb5 Rxb5 27.
Nfd2 Nb8 28. Bc3 Nc6 29. Ra1 Bd8 30. Nd6 Rb8 31. e4 Nd7 32. N6c4 Rb5 33. f4 Nb4
34. Kf3 Nc2 35. Ra2 Nd4+ 36. Bxd4 cxd4 37. Na3 Rb8 38. Rc2 Be7 39. Nac4 Bb4 40.
e5 Nc5 41. Ra2 Bc3 42. Ra3 $11 h5 43. Ke2 h4 44. Nxa5 d3+ 45. Kd1 hxg3 46. hxg3
Kg7 47. Nb1 Ne4 48. Nc4 Rh8 49. Nxc3 Rh1# 0-1

[Event "SV Erkenschwick 1 - SG Bochum 1"]
[Site "Oberliga NRW 2018/2019"]
[Date "2018.09.16"]
[Round "1.4"]
[White "Van Beek, Alexander"]
[Black "Koellner, Ruben Gideon"]
[Result "1/2-1/2"]
[WhiteElo "2254"]
[BlackElo "2197"]
[PlyCount "105"]
[EventDate "2018.??.??"]
[WhiteTeam "SV Erkenschwick 1"]
[BlackTeam "SG Bochum 1"]

1. e4 e5 2. Nf3 Nc6 3. Bc4 Bc5 4. O-O Nf6 5. d3 d6 6. c3 O-O 7. Nbd2 a6 8. Bb3
Ba7 9. h3 h6 10. Re1 Re8 11. Nf1 Na5 12. Bc2 c5 13. N3h2 Nc6 14. Ng4 Nxg4 15.
hxg4 d5 16. exd5 Qxd5 17. Ne3 Qd6 18. Qf3 Be6 19. Nf5 Bxf5 20. Qxf5 g6 21. Qe4
Kg7 22. Re3 Rh8 23. Rf3 Raf8 24. Bd2 h5 25. g5 f5 26. gxf6+ Rxf6 27. Re1 Rxf3
28. Qxf3 Rf8 29. Qe3 Rh8 30. Qe4 Rf8 31. Be3 Qf6 32. Bb3 Qf5 33. Bd5 Qxe4 34.
dxe4 Kf6 35. Bxc6 bxc6 36. Rd1 Ke6 37. b4 Rf7 38. Bxc5 Bxc5 39. bxc5 Rd7 40.
Rb1 Rd2 41. Rb6 Rxa2 42. Rxc6+ Kf7 43. Rc7+ Kf6 44. Ra7 Ra1+ 45. Kh2 Ra3 46. g3
Kg5 47. c6 Rxc3 48. Rxa6 h4 49. gxh4+ Kxh4 50. c7 Kg5 51. Re6 Kf4 52. Rxg6 Rxc7
53. Kg2 1/2-1/2

[Event "SV Erkenschwick 1 - SG Bochum 1"]
[Site "Oberliga NRW 2018/2019"]
[Date "2018.09.16"]
[Round "1.5"]
[White "Werthebach, Felix"]
[Black "Langers, Alexander"]
[Result "1/2-1/2"]
[WhiteElo "2139"]
[BlackElo "2206"]
[Annotator "Daniel"]
[PlyCount "94"]
[EventDate "2018.??.??"]
[WhiteTeam "SG Bochum 1"]
[BlackTeam "SV Erkenschwick 1"]

1. c4 e5 2. g3 Nf6 3. Bg2 d5 4. cxd5 Nxd5 5. Nc3 Nb6 6. d3 Be7 7. Be3 O-O 8.
Rc1 Kh8 9. a3 f5 10. Qc2 Bf6 11. b4 c6 12. Nf3 Be6 13. h4 Nd5 14. Bg5 Nd7 15.
Bxf6 N5xf6 16. O-O f4 17. d4 fxg3 18. fxg3 $11 exd4 19. Nxd4 Bg8 20. Ne4 Nxe4
21. Rxf8 Qxf8 22. Bxe4 Qd6 23. Nf5 Qe5 24. Qc3 Re8 25. Qxe5 Rxe5 26. Bd3 Nf6
27. Nd6 Re3 28. Nxb7 Bd5 29. Na5 Ng4 30. Kf1 Rxg3 31. Rc5 g5 32. hxg5 Ne5 33.
b5 Rxg5 34. Nb7 Bg2+ 35. Kg1 cxb5 36. Rxe5 Rxe5 37. Kxg2 Rg5+ 38. Kh3 Kg7 39.
Nd6 a6 40. Ne8+ Kf8 41. Nc7 Rh5+ 42. Kg4 Rh6 43. Be4 Rb6 44. Nd5 Rd6 45. Nc7
Rb6 46. Nd5 Rd6 47. Nc7 Rb6 1/2-1/2

[Event "SV Erkenschwick 1 - SG Bochum 1"]
[Site "Oberliga NRW 2018/2019"]
[Date "2018.09.16"]
[Round "1.6"]
[White "Homs, Guust"]
[Black "Wuebker, Paul-Luca"]
[Result "1-0"]
[WhiteElo "2186"]
[BlackElo "2067"]
[PlyCount "65"]
[EventDate "2018.??.??"]
[WhiteTeam "SV Erkenschwick 1"]
[BlackTeam "SG Bochum 1"]

1. e4 c5 2. c3 Nf6 3. d3 Nc6 4. f4 d6 5. Nf3 g6 6. Qc2 Bg4 7. Be2 Bg7 8. Be3
O-O 9. Nbd2 Rc8 10. O-O Bh6 11. Kh1 Nh5 12. Ng1 Nd4 13. Bxd4 Bxe2 14. Nxe2 cxd4
15. g4 Nf6 16. g5 Ng4 17. gxh6 Ne3 18. Qa4 Nxf1 19. Rxf1 dxc3 20. Nxc3 a6 21.
Qd4 e5 22. fxe5 Qg5 23. exd6 Qxh6 24. Nc4 Qh3 25. Ne3 h5 26. Kg1 Kh7 27. e5 f6
28. exf6 Qe6 29. a3 Rce8 30. Ne4 Kh6 31. Qc5 Qb3 32. Qg5+ Kh7 33. Nf5 1-0

[Event "SV Erkenschwick 1 - SG Bochum 1"]
[Site "Oberliga NRW 2018/2019"]
[Date "2018.09.16"]
[Round "1.7"]
[White "Tkachuk, Konstantyn"]
[Black "Strozewski, Frank"]
[Result "1/2-1/2"]
[WhiteElo "2262"]
[BlackElo "1957"]
[PlyCount "70"]
[EventDate "2018.??.??"]
[WhiteTeam "SG Bochum 1"]
[BlackTeam "SV Erkenschwick 1"]

1. e4 d6 2. d4 g6 3. f4 Bg7 4. Nf3 Bg4 5. c3 Nd7 6. Be2 Bxf3 7. Bxf3 e6 8. O-O
Ne7 9. f5 e5 10. Bg5 f6 11. Be3 Nb6 12. Nd2 Qd7 13. a4 Rd8 14. dxe5 dxe5 15.
Qb3 Qd3 16. Rfe1 a5 17. Bxb6 cxb6 18. Nc4 Qd7 19. Rad1 Qc6 20. Nxb6 Bh6 21. Kf1
Bd2 22. Re2 Bf4 23. Rxd8+ Kxd8 24. Nc4 Qc7 25. g3 Bh6 26. Re1 Kc8 27. Qb5 Nc6
28. Rd1 Rd8 29. Rxd8+ Qxd8 30. fxg6 hxg6 31. Nb6+ Kb8 32. Nd5 f5 33. Qe2 Qg5
34. Kg2 Qc1 35. h4 Bf8 1/2-1/2

[Event "SV Erkenschwick 1 - SG Bochum 1"]
[Site "Oberliga NRW 2018/2019"]
[Date "2018.09.16"]
[Round "1.8"]
[White "Trzaska, Peter"]
[Black "Biermann, Florian"]
[Result "1-0"]
[WhiteElo "2070"]
[BlackElo "2047"]
[PlyCount "59"]
[EventDate "2018.??.??"]
[WhiteTeam "SV Erkenschwick 1"]
[BlackTeam "SG Bochum 1"]

1. Nf3 c5 2. c4 Nf6 3. d4 cxd4 4. Nxd4 e5 5. Nb5 d5 6. cxd5 Bc5 7. e3 O-O 8.
Be2 e4 9. O-O a6 10. N5c3 Bf5 11. b3 b5 12. Bb2 Nbd7 13. Nd2 Bd6 14. a4 b4 15.
Na2 Ne5 16. Nc4 Nd3 17. Bxf6 Qxf6 18. Bxd3 exd3 19. Qf3 Bb8 20. e4 Qh4 21. g3
Qxe4 22. Qxe4 Bxe4 23. Nxb4 Re8 24. Rfe1 a5 25. Nxd3 Kf8 26. Nc5 Bf5 27. Rxe8+
Kxe8 28. Re1+ Kd8 29. Nb7+ Kc7 30. Re7+ 1-0

[Event "SV Wattenscheid 1 - SK Münster 1"]
[Site "Oberliga NRW 2018/2019"]
[Date "2018.09.16"]
[Round "1.1"]
[White "Webb, Laurence"]
[Black "Koscielski, Janusz"]
[Result "1-0"]
[WhiteElo "2315"]
[BlackElo "2281"]
[PlyCount "81"]
[EventDate "2018.??.??"]
[WhiteTeam "SK Münster 1"]
[BlackTeam "SV Wattenscheid 1"]

1. d4 Nf6 2. c4 g6 3. Nc3 Bg7 4. e4 d6 5. Nf3 O-O 6. Be2 e5 7. dxe5 dxe5 8.
Qxd8 Rxd8 9. Bg5 Re8 10. Nd5 Nxd5 11. cxd5 c6 12. Bc4 b5 13. Bb3 Bb7 14. Rc1
Rc8 15. Ke2 c5 16. Rhd1 Nd7 17. Nd2 Bf8 18. Be3 Bd6 19. f3 a6 20. Bc2 c4 21. a4
f6 22. axb5 axb5 23. Ra1 Kf7 24. g4 Bc5 25. Nf1 Bd4 26. Rab1 Bc5 27. Ra1 Bd4
28. Rab1 Bc5 29. b4 Bd6 30. Bd2 Ra2 31. Ne3 Rca8 32. Rdc1 Nb6 33. Nd1 Na4 34.
Bxa4 R2xa4 35. Nc3 Rxb4 36. Nxb5 Rxb5 37. Rxb5 Ba6 38. Rb6 c3+ 39. Kd1 cxd2 40.
Rcc6 Bd3 41. Kxd2 1-0

[Event "SV Wattenscheid 1 - SK Münster 1"]
[Site "Oberliga NRW 2018/2019"]
[Date "2018.09.16"]
[Round "1.2"]
[White "Thiel, Thomas"]
[Black "Holtel, Jasper"]
[Result "0-1"]
[WhiteElo "2257"]
[BlackElo "2207"]
[PlyCount "104"]
[EventDate "2018.??.??"]
[WhiteTeam "SV Wattenscheid 1"]
[BlackTeam "SK Münster 1"]

1. e4 c5 2. Nc3 a6 3. g3 b5 4. Bg2 Bb7 5. Nge2 e6 6. d4 cxd4 7. Nxd4 b4 8. Na4
Nf6 9. O-O Bxe4 10. Bxe4 Nxe4 11. Re1 Nc5 12. c3 Nxa4 13. Qxa4 Be7 14. cxb4 Qb6
15. Be3 Qxb4 16. Qxb4 Bxb4 17. Rec1 Ke7 18. Rc7 Bd6 19. Rb7 Rc8 20. Re1 g6 21.
Bg5+ Ke8 22. Rd1 Be7 23. Bf4 d5 24. b4 Nd7 25. Re1 Rc4 26. Nxe6 fxe6 27. Rxe6
Kd8 28. Bd6 Bxd6 29. Rxd6 Rc7 30. Rxc7 Kxc7 31. Rxd5 Rb8 32. Ra5 Kb6 33. Rd5
Kc6 34. Ra5 Rb6 35. h4 Nb8 36. Rc5+ Kd7 37. a3 Rb5 38. Rc3 Nc6 39. Kg2 Rd5 40.
Kf3 Rf5+ 41. Ke3 Re5+ 42. Kd3 Re1 43. Rb3 Ra1 44. Ke4 Na7 45. h5 Nb5 46. Rd3+
Ke7 47. hxg6 hxg6 48. f4 Rxa3 49. g4 Rxd3 50. Kxd3 Kd6 51. Kc4 Nc7 52. Kb3 Nd5
0-1

[Event "SV Wattenscheid 1 - SK Münster 1"]
[Site "Oberliga NRW 2018/2019"]
[Date "2018.09.16"]
[Round "1.3"]
[White "Wolter, Kai"]
[Black "Schiffer, Kai-Uwe"]
[Result "1-0"]
[WhiteElo "2251"]
[BlackElo "2247"]
[PlyCount "67"]
[EventDate "2018.??.??"]
[WhiteTeam "SK Münster 1"]
[BlackTeam "SV Wattenscheid 1"]

1. e4 c5 2. Nf3 e6 3. d4 cxd4 4. Nxd4 Nc6 5. Nc3 Qc7 6. Be3 a6 7. Qd2 Nf6 8.
O-O-O Bb4 9. f3 O-O 10. g4 b5 11. g5 Nh5 12. f4 Na5 13. Be2 Nc4 14. Bxc4 Qxc4
15. Nde2 Bxc3 16. Nxc3 b4 17. Qe2 Qc7 18. Qxh5 bxc3 19. b3 a5 20. a4 d5 21. e5
Qe7 22. Rd3 Qa3+ 23. Kd1 d4 24. Bc1 Qc5 25. Rh3 Rd8 26. Qxh7+ Kf8 27. Qh8+ Ke7
28. Qxg7 Qd5 29. Re1 Ba6 30. Ba3+ Kd7 31. Qxf7+ Kc6 32. Rh7 Rac8 33. Qa7 Bd3
34. Qb7# 1-0

[Event "SV Wattenscheid 1 - SK Münster 1"]
[Site "Oberliga NRW 2018/2019"]
[Date "2018.09.16"]
[Round "1.4"]
[White "Straeter, Timo"]
[Black "Wilde, Pierre"]
[Result "0-1"]
[WhiteElo "2339"]
[BlackElo "2212"]
[PlyCount "58"]
[EventDate "2018.??.??"]
[WhiteTeam "SV Wattenscheid 1"]
[BlackTeam "SK Münster 1"]

1. d4 e6 2. e4 d5 3. exd5 exd5 4. Nf3 Bd6 5. c4 c6 6. Nc3 Ne7 7. Bd3 dxc4 8.
Bxc4 O-O 9. h3 Nd7 10. O-O Nb6 11. Bb3 Bf5 12. Re1 Nbd5 13. Bd2 Re8 14. Ng5 h6
15. Nge4 Bc7 16. Qf3 Bg6 17. Nc5 Qd6 18. g3 b6 19. Nxd5 Nxd5 20. Nd3 Qd7 21.
Rac1 Rxe1+ 22. Bxe1 Re8 23. Kh2 Be4 24. Qe2 Bf5 25. Qf3 Be4 26. Qe2 Nf6 27. Ne5
Bxe5 28. dxe5 Rxe5 29. Bc3 Bg2 0-1

[Event "SV Wattenscheid 1 - SK Münster 1"]
[Site "Oberliga NRW 2018/2019"]
[Date "2018.09.16"]
[Round "1.5"]
[White "Muschik, Benedikt"]
[Black "Wengenroth, Walter"]
[Result "1/2-1/2"]
[WhiteElo "2221"]
[BlackElo "2223"]
[PlyCount "36"]
[EventDate "2018.??.??"]
[WhiteTeam "SK Münster 1"]
[BlackTeam "SV Wattenscheid 1"]

1. d4 Nf6 2. Bf4 g6 3. e3 Bg7 4. Nf3 O-O 5. Be2 d6 6. h3 c5 7. c3 b6 8. O-O Bb7
9. Nbd2 Nbd7 10. a4 a6 11. Re1 Ne4 12. Nxe4 Bxe4 13. Bd3 Nf6 14. Bxe4 Nxe4 15.
d5 e5 16. dxe6 fxe6 17. Nd2 Nxd2 18. Qxd2 d5 1/2-1/2

[Event "SV Wattenscheid 1 - SK Münster 1"]
[Site "Oberliga NRW 2018/2019"]
[Date "2018.09.16"]
[Round "1.6"]
[White "Sandkamp, Ralph"]
[Black "Chilla, Jan Eric"]
[Result "1-0"]
[WhiteElo "2178"]
[BlackElo "2206"]
[PlyCount "75"]
[EventDate "2018.??.??"]
[WhiteTeam "SV Wattenscheid 1"]
[BlackTeam "SK Münster 1"]

1. e4 e5 2. Nf3 Nc6 3. Bb5 a6 4. Bxc6 dxc6 5. O-O Bg4 6. h3 Bh5 7. d3 f6 8. Be3
c5 9. Nbd2 b6 10. a4 a5 11. Qe2 Ne7 12. c3 Nc6 13. Rfd1 Qd7 14. Nf1 Bd6 15. Ng3
Bg6 16. Nh4 Bf7 17. Nhf5 Bb3 18. Rd2 g6 19. Nxd6+ Qxd6 20. d4 cxd4 21. cxd4
exd4 22. Qb5 Qe6 23. Rc1 dxe3 24. Rxc6 exd2 25. Rxe6+ Kf7 26. Qxb3 d1=Q+ 27.
Qxd1 Kxe6 28. Qd5+ Ke7 29. e5 fxe5 30. Ne4 Rad8 31. Qc6 Rd1+ 32. Kh2 Rc8 33.
Qf6+ Kd7 34. Qg7+ Kc6 35. Qxh7 Kb7 36. Qxg6 Rd4 37. Qe6 Rxa4 38. Nd6+ 1-0

[Event "SV Wattenscheid 1 - SK Münster 1"]
[Site "Oberliga NRW 2018/2019"]
[Date "2018.09.16"]
[Round "1.7"]
[White "Kamp, Christoph"]
[Black "Hirsch, Stefan"]
[Result "1/2-1/2"]
[WhiteElo "2235"]
[BlackElo "2125"]
[PlyCount "82"]
[EventDate "2018.??.??"]
[WhiteTeam "SK Münster 1"]
[BlackTeam "SV Wattenscheid 1"]

1. c4 e5 2. Nc3 d6 3. d4 Nd7 4. e4 Ngf6 5. Nf3 Be7 6. Be2 O-O 7. O-O Re8 8. Rb1
exd4 9. Nxd4 Bf8 10. f3 c6 11. Bf4 Nh5 12. Be3 Nb6 13. b3 f5 14. Qd2 fxe4 15.
fxe4 Nf6 16. Bg5 Be7 17. Nf5 Bxf5 18. exf5 d5 19. cxd5 Nfxd5 20. Bxe7 Qxe7 21.
Nxd5 Qxe2 22. Qxe2 Rxe2 23. Nc3 Re3 24. Rbc1 Rf8 25. g4 h5 26. gxh5 Re5 27.
Rce1 Rfxf5 28. Rxf5 Rxe1+ 29. Kf2 Rh1 30. Kg2 Rc1 31. Rf3 Re1 32. Kg3 Re5 33.
Rd3 Kh7 34. Kg4 Nd5 35. Nxd5 cxd5 36. h4 Kh6 37. Rd2 Rxh5 38. Re2 d4 39. Re6+
g6 40. Rd6 Ra5 41. a4 Re5 1/2-1/2

[Event "SV Wattenscheid 1 - SK Münster 1"]
[Site "Oberliga NRW 2018/2019"]
[Date "2018.09.16"]
[Round "1.8"]
[White "Koerber, Matthias"]
[Black "Bolwerk, Peter"]
[Result "1/2-1/2"]
[WhiteElo "2180"]
[BlackElo "2177"]
[Annotator "Daniel"]
[PlyCount "135"]
[EventDate "2018.??.??"]
[WhiteTeam "SV Wattenscheid 1"]
[BlackTeam "SK Münster 1"]

1. d4 Nf6 2. c4 g6 3. g3 Bg7 4. Bg2 O-O 5. Nf3 d6 6. b3 c6 7. O-O Qa5 8. Qd2
Qh5 9. Qg5 Qxg5 10. Bxg5 Nbd7 11. Nc3 e5 12. dxe5 dxe5 13. Rac1 Re8 14. h3 a5
15. Be3 Bf8 16. Rfd1 Nc5 17. Kh2 Nh5 18. g4 Nf4 19. Bf1 f6 20. g5 Nh5 21. gxf6
Nxf6 22. Ne1 Bf5 23. Nd3 Na6 24. Na4 Ba3 25. Ra1 Nd7 26. Bc1 Bd6 27. Ne1 Bc7
28. e4 Be6 29. Ba3 Nf6 30. f3 Rad8 31. Ng2 Nb4 32. Bxb4 axb4 33. Ne3 b6 34. c5
b5 35. Nb2 Rxd1 36. Nexd1 Ra8 37. Nd3 Bxb3 38. Nxb4 Nd7 39. Nxc6 Nxc5 40. Bxb5
Rxa2+ 41. Rxa2 Bxa2 42. Ne3 Kg7 43. Kg2 Ne6 44. Nb4 Nf4+ 45. Kg3 Be6 46. Nbd5
Ba5 47. Nxf4 Be1+ 48. Kg2 exf4 49. Nd5 g5 50. Ne7 Kf6 51. Nf5 $11 Ke5 52. Ba6
Kf6 53. Bb5 Ke5 54. Ba6 Bd7 55. Bc4 Be8 56. Kf1 Bb4 57. Kg2 h5 58. Bd3 Bc6 59.
Kf1 Bc5 60. Kg2 Bb7 61. Kf1 g4 62. hxg4 hxg4 63. fxg4 Bxe4 64. Bxe4 Kxe4 65.
Nh4 Be7 66. Ng2 f3 67. Ne1 Kf4 68. Nxf3 1/2-1/2

[Event "SC Siegburg 1 - SG Porz 1"]
[Site "Oberliga NRW 2018/2019"]
[Date "2018.09.16"]
[Round "1.1"]
[White "Van Den Doel, Erik"]
[Black "Huebner, Robert"]
[Result "1/2-1/2"]
[WhiteElo "2611"]
[BlackElo "2567"]
[PlyCount "41"]
[EventDate "2018.??.??"]
[WhiteTeam "SG Porz 1"]
[BlackTeam "SC Siegburg 1"]

1. d4 Nf6 2. Bf4 e6 3. e3 b6 4. Nd2 Bb7 5. Ngf3 Be7 6. h3 Ne4 7. Nxe4 Bxe4 8.
Bd3 Bxd3 9. Qxd3 O-O 10. O-O a5 11. e4 d6 12. Rfe1 Nd7 13. e5 dxe5 14. dxe5 Nc5
15. Qe2 Qd5 16. Red1 Qb7 17. Rd4 Rfd8 18. Rad1 Rxd4 19. Rxd4 Rd8 20. Rxd8+ Bxd8
21. Be3 1/2-1/2

[Event "SC Siegburg 1 - SG Porz 1"]
[Site "Oberliga NRW 2018/2019"]
[Date "2018.09.16"]
[Round "1.2"]
[White "Jackelen, Thomas"]
[Black "Lutz, Christopher"]
[Result "1/2-1/2"]
[WhiteElo "2372"]
[BlackElo "2490"]
[PlyCount "84"]
[EventDate "2018.??.??"]
[WhiteTeam "SC Siegburg 1"]
[BlackTeam "SG Porz 1"]

1. Nf3 Nf6 2. c4 e6 3. g3 d5 4. Bg2 d4 5. O-O c5 6. e3 Nc6 7. exd4 cxd4 8. d3
Bd6 9. a3 a5 10. Bg5 h6 11. Bxf6 Qxf6 12. Nbd2 Qd8 13. Qa4 Bd7 14. Ne4 Be7 15.
Qb5 O-O 16. Ne5 Be8 17. Nxc6 Bxc6 18. Qb3 a4 19. Qc2 Qd7 20. Qe2 e5 21. Nd2
Bxg2 22. Kxg2 Rfe8 23. b4 axb3 24. Rfb1 Rxa3 25. Rxa3 Bxa3 26. Rxb3 Bc5 27. Ne4
b6 28. g4 f5 29. gxf5 Qxf5 30. Qf3 Qg6+ 31. Qg3 Qf7 32. Qf3 Qg6+ 33. Qg3 Qf7
34. Qf3 Qe6 35. Qh3 Qe7 36. Rb2 Rf8 37. Ra2 Bb4 38. Qg4 Kh7 39. Rb2 Rf4 40. Qc8
Rf8 41. Qg4 Rf4 42. Qc8 Rf8 1/2-1/2

[Event "SC Siegburg 1 - SG Porz 1"]
[Site "Oberliga NRW 2018/2019"]
[Date "2018.09.16"]
[Round "1.3"]
[White "Rotstein, Arkadij"]
[Black "Schmidt, Bodo"]
[Result "1/2-1/2"]
[WhiteElo "2467"]
[BlackElo "2290"]
[PlyCount "84"]
[EventDate "2018.??.??"]
[WhiteTeam "SG Porz 1"]
[BlackTeam "SC Siegburg 1"]

1. d4 d5 2. Nf3 Nf6 3. e3 Bf5 4. c4 c6 5. Nc3 e6 6. a3 Nbd7 7. Bd3 Bxd3 8. Qxd3
Be7 9. O-O O-O 10. Rd1 Qc7 11. b3 a6 12. Bb2 b5 13. e4 bxc4 14. bxc4 Rfb8 15.
Rab1 Qa5 16. Ne5 Nxe5 17. dxe5 Nxe4 18. Nxe4 dxe4 19. Qxe4 Qc7 20. a4 Rd8 21.
Bd4 Rab8 22. g3 g6 23. Be3 Rxd1+ 24. Rxd1 Rb4 25. a5 Rb7 26. Bb6 Qc8 27. Qd3 c5
28. Bd8 Qxd8 29. Qxd8+ Bxd8 30. Rxd8+ Kg7 31. Rc8 Rb4 32. Rxc5 Ra4 33. g4 Kf8
34. Kg2 Ke8 35. Rc8+ Kd7 36. Rh8 Rxa5 37. Rxh7 Ke7 38. f4 Rc5 39. Rh8 Rxc4 40.
Kg3 a5 41. Ra8 a4 42. h3 Kd7 1/2-1/2

[Event "SC Siegburg 1 - SG Porz 1"]
[Site "Oberliga NRW 2018/2019"]
[Date "2018.09.16"]
[Round "1.4"]
[White "Andreev, Eduard"]
[Black "Xu, Xianliang"]
[Result "1/2-1/2"]
[WhiteElo "2390"]
[BlackElo "2453"]
[PlyCount "61"]
[EventDate "2018.??.??"]
[WhiteTeam "SC Siegburg 1"]
[BlackTeam "SG Porz 1"]

1. e4 c5 2. Nf3 g6 3. d4 cxd4 4. Nxd4 Nc6 5. c4 Nf6 6. Nc3 Nxd4 7. Qxd4 d6 8.
Be3 Bg7 9. f3 O-O 10. Qd2 Be6 11. Rc1 Qa5 12. b3 Rfc8 13. Be2 a6 14. Na4 Qxd2+
15. Kxd2 Nd7 16. g4 f5 17. exf5 gxf5 18. h3 Rf8 19. Rhg1 f4 20. Bf2 Rfd8 21.
Nb6 Nxb6 22. Bxb6 Rdc8 23. Bd3 Rc6 24. Rge1 Kf7 25. Bf2 d5 26. cxd5 Bxd5 27.
Bc4 Rd8 28. Ke2 Bxc4+ 29. Rxc4 Rxc4 30. bxc4 b5 31. cxb5 1/2-1/2

[Event "SC Siegburg 1 - SG Porz 1"]
[Site "Oberliga NRW 2018/2019"]
[Date "2018.09.16"]
[Round "1.5"]
[White "Mladenov, Svetlin"]
[Black "Arzumanian, Georgy"]
[Result "0-1"]
[WhiteElo "2425"]
[BlackElo "2384"]
[PlyCount "56"]
[EventDate "2018.??.??"]
[WhiteTeam "SG Porz 1"]
[BlackTeam "SC Siegburg 1"]

1. e4 d6 2. d4 Nf6 3. Nc3 e5 4. Nf3 Nbd7 5. Bc4 Be7 6. O-O O-O 7. Re1 c6 8. a4
a5 9. h3 exd4 10. Nxd4 Nc5 11. Bf4 Be6 12. Nxe6 fxe6 13. e5 Nfd7 14. Qg4 d5 15.
Bd3 Qb6 16. Ne2 Rf7 17. Be3 Qb4 18. f4 Nxd3 19. cxd3 Nf8 20. Nd4 Bc5 21. Nxe6
Bxe3+ 22. Rxe3 h5 23. Qxh5 Nxe6 24. f5 Qc5 25. Rae1 Nd4 26. f6 Nc2 27. e6 Rxf6
28. e7 Rf7 0-1

[Event "SC Siegburg 1 - SG Porz 1"]
[Site "Oberliga NRW 2018/2019"]
[Date "2018.09.16"]
[Round "1.8"]
[White "Kolkin, Michail"]
[Black "Wagenknecht, Uwe"]
[Result "1-0"]
[WhiteElo "2306"]
[BlackElo "2165"]
[PlyCount "51"]
[EventDate "2018.??.??"]
[WhiteTeam "SC Siegburg 1"]
[BlackTeam "SG Porz 1"]

1. Nf3 Nf6 2. g3 c5 3. Bg2 Nc6 4. d4 cxd4 5. Nxd4 Qb6 6. Nb3 d6 7. O-O g6 8.
Be3 Qc7 9. Nc3 Bg7 10. Qc1 O-O 11. Bh6 Be6 12. Bxg7 Kxg7 13. e4 a5 14. Nd5 Bxd5
15. exd5 Nb4 16. c4 Rfc8 17. Bh3 Re8 18. Qc3 e6 19. a3 Na6 20. dxe6 fxe6 21.
Nd4 Qf7 22. Nb5 Rad8 23. Qxa5 d5 24. Rad1 Ne4 25. Bg2 Qf5 26. Qb6 1-0

[Event "Klub Kölner SF 1 - SF Gerresheim 1"]
[Site "Oberliga NRW 2018/2019"]
[Date "2018.09.16"]
[Round "1.1"]
[White "Dresen, Ulrich"]
[Black "Morawietz, Dieter"]
[Result "0-1"]
[WhiteElo "2196"]
[BlackElo "2368"]
[PlyCount "90"]
[EventDate "2018.??.??"]
[WhiteTeam "SF Gerresheim 1"]
[BlackTeam "Klub Kölner SF 1"]

1. d4 Nf6 2. Nf3 e6 3. c3 c5 4. Bg5 h6 5. Bxf6 Qxf6 6. d5 exd5 7. Qxd5 Qe6 8.
e4 Qxd5 9. exd5 d6 10. Bd3 Nd7 11. O-O Nf6 12. Re1+ Kd8 13. c4 Bd7 14. Nc3 g6
15. a4 Bg7 16. Nb5 Ne8 17. Nc3 Bxc3 18. bxc3 Nf6 19. a5 Re8 20. Rxe8+ Kxe8 21.
g3 Kd8 22. Nd2 Kc7 23. f3 Re8 24. Kf2 Bc8 25. Nb1 Nd7 26. Na3 a6 27. Nc2 b6 28.
Re1 Rxe1 29. axb6+ Kxb6 30. Nxe1 Ka5 31. Ke3 Nb6 32. Kd2 Ka4 33. Nc2 Kb3 34.
Ne3 a5 35. Bc2+ Kb2 36. Nd1+ Ka3 37. Ne3 Ba6 38. Bd3 Kb2 39. f4 a4 40. Nd1+ Kb3
41. Bc2+ Ka3 42. Bd3 Bxc4 43. Bxc4 Nxc4+ 44. Kc2 f5 45. h3 h5 0-1

[Event "Klub Kölner SF 1 - SF Gerresheim 1"]
[Site "Oberliga NRW 2018/2019"]
[Date "2018.09.16"]
[Round "1.2"]
[White "Helbig, Mark"]
[Black "Volkov, Mykyta"]
[Result "1/2-1/2"]
[WhiteElo "2336"]
[BlackElo "2138"]
[PlyCount "131"]
[EventDate "2018.??.??"]
[WhiteTeam "Klub Kölner SF 1"]
[BlackTeam "SF Gerresheim 1"]

1. d4 Nf6 2. c4 e6 3. Nf3 d5 4. Nc3 a6 5. cxd5 exd5 6. Bg5 Be6 7. e3 Nbd7 8.
Bd3 Bd6 9. O-O c6 10. Re1 O-O 11. Rc1 Bg4 12. Qc2 Qc7 13. Bf5 Bxf5 14. Qxf5
Rfe8 15. Re2 Qb6 16. Rec2 Re6 17. Bf4 Bxf4 18. Qxf4 Rae8 19. h3 h6 20. Nd2 Qd8
21. b4 Ne4 22. Ndxe4 dxe4 23. d5 Rf6 24. Qh4 Qe7 25. dxc6 Rxc6 26. Qxe7 Rxe7
27. Nd5 Re5 28. Rxc6 bxc6 29. Nc7 a5 30. a3 axb4 31. axb4 c5 32. Rd1 Nb6 33.
Rd6 Re7 34. bxc5 Rxc7 35. cxb6 Rc1+ 36. Kh2 Rb1 37. Kg3 Kf8 38. Rc6 Ke7 39. Kf4
Kd7 40. Rc7+ Ke6 41. b7 Rb4 42. h4 g6 43. g4 Kf6 44. g5+ hxg5+ 45. hxg5+ Ke6
46. Kg3 Rb5 47. Kf4 Rb4 48. f3 exf3+ 49. Kxf3 f5 50. Rg7 Ke5 51. Rxg6 Rxb7 52.
Ra6 Rb1 53. Ra2 Ke6 54. Rg2 Kf7 55. g6+ Kg7 56. Kf4 Rf1+ 57. Kg5 Rf3 58. Ra2
Rxe3 59. Ra7+ Kg8 60. Kf6 Re8 61. Rg7+ Kh8 62. Ra7 Kg8 63. Ra4 f4 64. g7 Rb8
65. Rxf4 Rb6+ 66. Ke7 1/2-1/2

[Event "Klub Kölner SF 1 - SF Gerresheim 1"]
[Site "Oberliga NRW 2018/2019"]
[Date "2018.09.16"]
[Round "1.3"]
[White "Liedmann, Dennis"]
[Black "Bayer, Ernst-Wolfgang"]
[Result "1-0"]
[WhiteElo "2137"]
[BlackElo "2218"]
[PlyCount "117"]
[EventDate "2018.??.??"]
[WhiteTeam "SF Gerresheim 1"]
[BlackTeam "Klub Kölner SF 1"]

1. d4 f5 2. Bf4 d6 3. e3 Nf6 4. Nf3 e6 5. h3 g6 6. c4 Bg7 7. Nc3 O-O 8. Be2 Qe7
9. O-O a6 10. Rc1 b6 11. c5 Bb7 12. cxd6 cxd6 13. Qb3 Nbd7 14. Qb4 Ne8 15. Ne5
b5 16. Nc4 Bxg2 17. Kxg2 bxc4 18. Bxc4 g5 19. Bh2 f4 20. exf4 gxf4 21. Rfe1
Qg5+ 22. Kh1 d5 23. Rg1 Qf5 24. Be2 Rb8 25. Qa3 Ndf6 26. Nd1 Kh8 27. Rc6 e5 28.
dxe5 Qxe5 29. Bf3 Ne4 30. Qd3 Rxb2 31. Qxa6 Rxf2 32. Nxf2 Nxf2+ 33. Kg2 Ne4 34.
Qe2 N8f6 35. Rd1 Qe8 36. Rdc1 Qg6+ 37. Kh1 Qf5 38. Qg2 Ne8 39. Bg4 Qe5 40. Re6
Qd4 41. Bg1 Qd3 42. Rd1 Qc4 43. Bf3 N8d6 44. Kh2 Qc8 45. Re7 Bf6 46. Bd4 Bxd4
47. Rxd4 Nf5 48. Rdxe4 dxe4 49. Qb2+ Kg8 50. Rxe4 Qc5 51. Bg4 Ng7 52. Qg2 f3
53. Bxf3 Qc3 54. Re7 Qf6 55. Bd5+ Kh8 56. Re1 Qf4+ 57. Kh1 Nf5 58. Rg1 Qe5 59.
Qg8+ 1-0